000 00655nam a2200241Ia 4500
003 OSt
005 20220930090752.0
006 a|||||r|||| 00| 0
007 ta
008 220926b |||||||| |||| 00| 0 eng d
024 _a1549
037 _cTheses
040 _aCRL
_cCRL
_beng
041 _2eng
_aeng
100 _aKalla S L
_9543590
110 _aJodhpur University
_9543591
245 0 _aIntegral equations and boundry value problems of mathematical physics
260 _aJodhpur
_bJodhpur University India
650 _aMATHEMATICS
700 _aJodhpur University
_9543592
942 _cDIS
_2CC
999 _c881115
_d881115